000
00213 a2200109 4500
020
_a
9780425236284
041
_a
eng
100
_a
Patricia Cornwell
245
_a
The Scarpetta Factor
942
_c
BK
952
_7
1
999
_c
24540
_d
24540